000 00762nam a2200229 a 4500
999 _c11130
_d11130
001 11130
003 BD-JhCC
005 20190731180258.0
008 190631b 2015bg |||| ||a| 000 0 ben d
020 _a8172939167
035 _a(BD-JhCC)11130
040 _aBD-JhCC
_dBD-JhCC
041 _aben
082 _a891.4409
_bBAS 2015
100 _aবসু, অরুণ কুমার
245 _aকথাশিল্পের নানাদিক /
_cঅরুণ কুমার বসু ।
260 _aকলকাতা:
_bমিত্র ও ঘোষ পাবলিশার্স প্রা: লি;
_c2015.
300 _a৫৯৬ পৃঃ . :
_c২২ সেমি.
650 _aBengali Litertune
942 _2ddc
_cBK